Nielen žatva- poznatky z Festivalu sovietskej dramatickej tvorby

Bibliographic Details
Main Author: Hrabovská, Katarína, 1923-1992 (Author)
Format: Article
Language:Slovak
Subjects:

MARC

LEADER 00000nab a2200000 ar4500
001 vtls010078672
003 SK-MaSNL
005 20260305023026.0
008 100323c1974 xo |r|p|||||||000 b|slo
015 |a SNBRB1974 
038 |a SNKBUCL 
040 |a SNKBUCL  |b slo  |c SNKBUCL  |e AACR2 
041 |a slo 
044 |a xo  |c SK 
080 |a 792.079  |2 2001 
100 1 |a Hrabovská, Katarína,  |d 1923-1992  |4 aut  |9 264404 
245 1 0 |a Nielen žatva-  |b poznatky z Festivalu sovietskej dramatickej tvorby  |c Katarína Hrabovská 
611 2 7 |a Festival ruskej a sovietskej dramatickej tvorby  |d (1974 :  |c Bratislava, Slovensko)  |2 snkbucl  |9 1256264 
650 0 7 |a dramatická tvorba  |2 snkbucl  |9 86791 
773 0 |t Práca  |g (19.12.1974), s. 6 
852 |a SNK  |b KIS3GCP 
958 |a SK 
999 |c 3294084  |d 3296014